[Event "St Petersburg Summer op"]
[Site "St Petersburg"]
[Date "2016.08.19"]
[Round "3"]
[White "Triapishko, Alexandr"]
[Black "Gnidenko, Andrey"]
[Result "1-0"]
[WhiteElo "2466"]
[BlackElo "2204"]
[PlyCount "107"]
[EventDate "2016.08.17"]
[EventType "swiss"]
[EventRounds "9"]
[EventCountry "RUS"]
[SourceTitle "CBM 174 Extra"]
[Source "ChessBase"]
[SourceDate "2016.10.10"]
[SourceVersion "1"]
[SourceVersionDate "2016.10.10"]
[SourceQuality "1"]

1. Nf3 Nf6 2. g3 b6 3. Bg2 Bb7 4. 0-0 e6 5. d3 Be7 6. e4 d6 7. c4 c5 8. Nc3 0-0 9. Re1 Nc6 10. a3 Nd7 11. h4 Bf6 12. Be3 Nde5 13. Nh2 Ne7 14. f4 N5c6 15. Nf3 g6 16. g4 Bg7 17. Bf2 Qd7 18. h5 f5 19. Ng5 Nd4 20. Ne2 Nec6 21. hxg6 hxg6 22. exf5 gxf5 23. Ng3 Nd8 24. gxf5 Nxf5 25. Nxf5 Rxf5 26. Qg4 Bxg2 27. Kxg2 e5 28. Bg3 Ne6 29. Re4 Raf8 30. Nxe6 Qxe6 31. fxe5 dxe5 32. Rf1 R8f6 33. Rxf5 Qxf5 34. Qxf5 Rxf5 35. b4 cxb4 36. axb4 a6 37. c5 bxc5 38. bxc5 Kf7 39. c6 Ke6 40. Rg4 Rf7 41. Rg6+ Kd5 42. d4 Kxd4 43. Bf2+ Kd5 44. Bb6 Bf6 45. c7 Rf8 46. Rxf6 Ra8 47. Kf3 Rh8 48. Ba5 Kc5 49. Ke4 Kb5 50. Bc3 Rh4+ 51. Kd5 Rc4 52. Bxe5 Rc5+ 53. Kd4 Rc4+ 54. Kd3 1-0

[Event "St Petersburg Summer op"]
[Site "St Petersburg"]
[Date "2016.08.17"]
[Round "1"]
[White "Israyelyan, Eduard"]
[Black "Gnidenko, Andrey"]
[Result "0-1"]
[WhiteElo "1808"]
[BlackElo "2204"]
[PlyCount "90"]
[EventDate "2016.08.17"]
[EventType "swiss"]
[EventRounds "9"]
[EventCountry "RUS"]
[SourceTitle "CBM 174 Extra"]
[Source "ChessBase"]
[SourceDate "2016.10.10"]
[SourceVersion "1"]
[SourceVersionDate "2016.10.10"]
[SourceQuality "1"]

1. e4 Nf6 2. e5 Nd5 3. d4 d6 4. Nf3 g6 5. Bd3 Bg7 6. h3 0-0 7. 0-0 Nc6 8. exd6 cxd6 9. c3 Rb8 10. Re1 Qc7 11. Qe2 a6 12. Be4 Nf6 13. Bd3 Re8 14. a4 e5 15. dxe5 dxe5 16. Nbd2 Be6 17. Ng5 Bd5 18. Nde4 Nh5 19. Bc4 Nd4 20. cxd4 Bxc4 21. Qc2 exd4 22. Bd2 Qc6 23. Rac1 Bd5 24. Qd1 Qb6 25. b4 h6 26. Nc5 hxg5 27. Nd7 Qd6 28. Nxb8 Rxb8 29. Qg4 Nf4 30. Qg3 Bc6 31. Rc5 d3 32. Kh2 Qd7 33. Rxg5 Rd8 34. Qxf4 Bxa4 35. Rg3 Bc6 36. Ree3 Bb5 37. Qh4 Qd5 38. Qe4 Qb3 39. Qe7 Rf8 40. Qxb7 Qc2 41. Be1 d2 42. Bxd2 Qxd2 43. Qf3 Qxb4 44. Rg4 Qd6+ 45. g3 Qd2 0-1

[Event "St Petersburg Spring op"]
[Site "St Petersburg"]
[Date "2012.03.28"]
[Round "7"]
[White "Gnidenko, Andrey"]
[Black "Markevich, Ilya"]
[Result "1/2-1/2"]
[WhiteElo "2168"]
[BlackElo "2209"]
[PlyCount "59"]
[EventDate "2012.03.22"]
[EventType "swiss"]
[EventRounds "9"]
[EventCountry "RUS"]
[SourceTitle "EXT 2013"]
[Source "ChessBase"]
[SourceDate "2012.11.22"]
[SourceVersion "1"]
[SourceVersionDate "2012.11.22"]
[SourceQuality "1"]

1. d4 Nf6 2. c4 e6 3. Nc3 Bb4 4. Bg5 c5 5. d5 Bxc3+ 6. bxc3 d6 7. e3 Qe7 8. Nf3 e5 9. Qc2 h6 10. Bxf6 Qxf6 11. Bd3 Nd7 12. 0-0 Qe7 13. Nd2 0-0 14. Rae1 Nf6 15. Qb1 Re8 16. f4 e4 17. Bc2 Rb8 18. Ba4 Bd7 19. Bxd7 Qxd7 20. Qc2 b5 21. cxb5 Qxb5 22. a4 Qb7 23. c4 Qb2 24. Qd1 Qa2 25. Rf2 Rb2 26. h3 Nd7 27. Qg4 Nf6 28. Qd1 Nd7 29. Qg4 Nf6 30. Qd1 1/2-1/2

[Event "St Petersburg Autumn op"]
[Site "St Petersburg"]
[Date "2011.11.05"]
[Round "9"]
[White "Gnidenko, Andrey"]
[Black "Bryndin, Vladimir"]
[Result "0-1"]
[WhiteElo "2175"]
[BlackElo "2235"]
[PlyCount "64"]
[EventDate "2011.10.28"]
[EventType "swiss"]
[EventRounds "9"]
[EventCountry "RUS"]
[SourceTitle "EXT 2013"]
[Source "ChessBase"]
[SourceDate "2012.11.22"]
[SourceVersion "1"]
[SourceVersionDate "2012.11.22"]
[SourceQuality "1"]

1. d4 d6 2. Nf3 g6 3. c4 Bg7 4. Nc3 Bg4 5. Bg5 Nc6 6. e3 h6 7. Bh4 g5 8. Bg3 e5 9. Be2 Bxf3 10. Bxf3 exd4 11. exd4 Nge7 12. 0-0 0-0 13. Ne2 Nf5 14. d5 Ncd4 15. Qd3 Nxe2+ 16. Bxe2 Qf6 17. Bd1 Rfe8 18. Ba4 Re7 19. Rfe1 Kf8 20. Rxe7 Nxe7 21. Qe2 Qxb2 22. Qxb2 Bxb2 23. Rb1 Bd4 24. Rxb7 Bb6 25. Bb5 f5 26. h4 f4 27. Bh2 Nf5 28. hxg5 hxg5 29. Kf1 Ke7 30. g4 Nd4 31. Bg1 Nxb5 32. cxb5 Kd7 0-1

[Event "St Petersburg Autumn op"]
[Site "St Petersburg"]
[Date "2011.10.31"]
[Round "4"]
[White "Gnidenko, Andrey"]
[Black "Usmanov, Vasily"]
[Result "0-1"]
[WhiteElo "2175"]
[BlackElo "2238"]
[PlyCount "68"]
[EventDate "2011.10.28"]
[EventType "swiss"]
[EventRounds "9"]
[EventCountry "RUS"]
[SourceTitle "EXT 2013"]
[Source "ChessBase"]
[SourceDate "2012.11.22"]
[SourceVersion "1"]
[SourceVersionDate "2012.11.22"]
[SourceQuality "1"]

1. d4 d5 2. c4 e6 3. Nc3 Be7 4. Nf3 Nf6 5. Bg5 h6 6. Bh4 0-0 7. e3 b6 8. Be2 Bb7 9. 0-0 Nbd7 10. Rc1 c5 11. cxd5 Nxd5 12. Bg3 N7f6 13. h3 cxd4 14. Qxd4 Bc5 15. Qa4 Nxc3 16. bxc3 Ne4 17. Be5 Qe7 18. Bd3 Nd6 19. Qg4 f5 20. Qa4 Nf7 21. Bg3 Bxf3 22. gxf3 Rad8 23. Rcd1 Ng5 24. Kg2 Nh7 25. Qc6 Rc8 26. Qa4 Nf6 27. Qb3 Nh5 28. Be5 f4 29. exf4 Rxf4 30. Kh2 Rcf8 31. Be4 Kh8 32. Rg1 Rxe4 33. fxe4 Rxf2+ 34. Kh1 Qh4 0-1

[Event "St Petersburg Autumn op"]
[Site "St Petersburg"]
[Date "2011.10.30"]
[Round "3"]
[White "Maevsky, Nikolay"]
[Black "Gnidenko, Andrey"]
[Result "1/2-1/2"]
[WhiteElo "2326"]
[BlackElo "2175"]
[PlyCount "90"]
[EventDate "2011.10.28"]
[EventType "swiss"]
[EventRounds "9"]
[EventCountry "RUS"]
[SourceTitle "EXT 2013"]
[Source "ChessBase"]
[SourceDate "2012.11.22"]
[SourceVersion "1"]
[SourceVersionDate "2012.11.22"]
[SourceQuality "1"]

1. c4 Nf6 2. Nc3 c5 3. g3 Nc6 4. Bg2 g6 5. e4 d6 6. Nge2 Bg7 7. d3 0-0 8. h3 Rb8 9. Be3 a6 10. a4 Ne8 11. 0-0 Nc7 12. d4 cxd4 13. Nxd4 e5 14. Nc2 Ne6 15. b4 f5 16. a5 Ned4 17. Nd5 fxe4 18. Bxe4 Bxh3 19. Re1 Kh8 20. Ra3 Qd7 21. Bxd4 exd4 22. Nf4 Bg4 23. f3 Bf5 24. Kg2 Rbe8 25. b5 Ne5 26. Bxf5 Qxf5 27. Nxd4 Qf7 28. Rae3 Qxc4 29. bxa6 bxa6 30. Nde6 Rxe6 31. Nxe6 Qxe6 32. f4 Qa2+ 33. R3e2 Qa3 34. fxe5 Qf3+ 35. Kg1 Bxe5 36. Rg2 Qc3 37. Rf1 Rb8 38. Qg4 Qxa5 39. Qd7 Qc5+ 40. Kh2 Qc4 41. Rf7 Qh4+ 42. Qh3 Qxh3+ 43. Kxh3 Ra8 44. Rc2 a5 45. Rcc7 h5 1/2-1/2

[Event "St Petersburg op"]
[Site "St Petersburg"]
[Date "2007.10.30"]
[Round "4"]
[White "Gnidenko, Andrey"]
[Black "Fedoseev, Vladimir1111"]
[Result "0-1"]
[WhiteElo "2113"]
[BlackElo "2236"]
[PlyCount "104"]
[EventDate "2007.10.27"]
[EventType "swiss"]
[EventRounds "9"]
[EventCountry "RUS"]
[SourceTitle "CBM 121 Extra"]
[Source "ChessBase"]
[SourceDate "2008.01.10"]
[SourceVersion "1"]
[SourceVersionDate "2008.01.10"]
[SourceQuality "1"]

1. d4 Nf6 2. c4 g6 3. Nc3 Bg7 4. e4 d6 5. f3 0-0 6. Be3 Nc6 7. Qd2 a6 8. Nge2 Rb8 9. Nc1 e5 10. d5 Nd4 11. Nb3 c5 12. dxc6 bxc6 13. Nxd4 exd4 14. Bxd4 d5 15. cxd5 cxd5 16. exd5 Re8+ 17. Be2 Rb4 18. 0-0 Ne4 19. fxe4 Bxd4+ 20. Kh1 Be5 21. Rf3 Qb6 22. b3 Bg4 23. Rd3 Bxc3 24. Rxc3 Qf2 25. Rf3 Bxf3 26. gxf3 Rd4 27. Qe1 Qe3 28. Rd1 Rc8 29. Rxd4 Qxd4 30. Bc4 Re8 31. Kg2 Re5 32. h4 Rh5 33. Qg3 Qb2+ 34. Kf1 Qxa2 35. d6 Qd2 36. Bd5 Kf8 37. d7 Qc1+ 38. Kg2 Ke7 39. Qd6+ Kxd6 40. d8Q+ Ke5 41. Bxf7 Kf4 42. Qd6+ Ke3 43. Qb6+ Qc5 44. Qxc5+ Rxc5 45. Kg3 a5 46. Kg4 h5+ 47. Kg3 Rc7 48. Bd5 Re7 49. Bc4 Re8 50. Bf7 Rf8 51. Bd5 Rxf3+ 52. Kg2 Rf4 0-1

[Event "St Petersburg op"]
[Site "St Petersburg"]
[Date "2007.10.28"]
[Round "2"]
[White "Gnidenko, Andrey"]
[Black "Malakhov, Igor"]
[Result "0-1"]
[WhiteElo "2113"]
[BlackElo "2296"]
[PlyCount "106"]
[EventDate "2007.10.27"]
[EventType "swiss"]
[EventRounds "9"]
[EventCountry "RUS"]
[SourceTitle "CBM 121 Extra"]
[Source "ChessBase"]
[SourceDate "2008.01.10"]
[SourceVersion "1"]
[SourceVersionDate "2008.01.10"]
[SourceQuality "1"]

1. d4 d5 2. c4 c6 3. Nc3 Nf6 4. e3 a6 5. Qc2 b5 6. b3 Bg4 7. Bd3 e6 8. Nge2 Be7 9. 0-0 Nbd7 10. Ng3 e5 11. f3 Be6 12. c5 0-0 13. Bb2 exd4 14. exd4 g6 15. Rae1 Ne8 16. Nce2 Ng7 17. Bc1 Re8 18. Bh6 Bh4 19. Bxg7 Kxg7 20. Qd2 Qf6 21. Bb1 Re7 22. f4 Bg4 23. Nc1 Rae8 24. Rxe7 Qxe7 25. Nd3 Bxg3 26. hxg3 Qe3+ 27. Qf2 Qxf2+ 28. Rxf2 Re3 29. Nb4 Nb8 30. Kh2 a5 31. Nd3 Bf5 32. Rd2 Nd7 33. Bc2 h5 34. Ne5 Nxe5 35. dxe5 Rc3 36. Bxf5 gxf5 37. Re2 Rxc5 38. e6 fxe6 39. Rxe6 Kf7 40. Re2 d4 41. Kg1 Rd5 42. Kf2 c5 43. Ke1 d3 44. Rf2 d2+ 45. Rxd2 Rxd2 46. Kxd2 Ke6 47. a3 Kd5 48. Kd3 c4+ 49. bxc4+ bxc4+ 50. Kc3 Kc5 51. Kc2 Kd4 52. Kd2 c3+ 53. Kc2 Kc4 0-1

[Event "St Petersburg White Nights op"]
[Site "St Petersburg"]
[Date "2007.07.02"]
[Round "8"]
[White "Voronenkov, Sergey"]
[Black "Gnidenko, Andrey"]
[Result "0-1"]
[WhiteElo "1980"]
[BlackElo "2135"]
[PlyCount "48"]
[EventDate "2007.06.25"]
[EventType "swiss"]
[EventRounds "9"]
[EventCountry "RUS"]
[SourceTitle "CBM 119 Extra"]
[Source "ChessBase"]
[SourceDate "2007.09.04"]
[SourceVersion "1"]
[SourceVersionDate "2007.09.04"]
[SourceQuality "1"]

1. d4 Nf6 2. c4 g6 3. Nc3 d5 4. Nf3 Bg7 5. Qb3 dxc4 6. Qxc4 0-0 7. e4 c6 8. Be3 Nbd7 9. e5 Ne8 10. e6 Nd6 11. Qb3 fxe6 12. Ng5 Nb6 13. Nxe6 Bxe6 14. Qxe6+ Kh8 15. h4 Qc8 16. Qb3 Nf5 17. h5 Nxe3 18. hxg6 Ned5 19. Rxh7+ Kg8 20. 0-0-0 Qg4 21. Nxd5 cxd5 22. Bd3 Rxf2 23. Qb4 Rc8+ 24. Kb1 Qxd1# 0-1

[Event "St Petersburg White Nights op"]
[Site "St Petersburg"]
[Date "2007.07.01"]
[Round "7"]
[White "Gnidenko, Andrey"]
[Black "Akimov, Dmitry"]
[Result "0-1"]
[WhiteElo "2135"]
[BlackElo "2238"]
[PlyCount "60"]
[EventDate "2007.06.25"]
[EventType "swiss"]
[EventRounds "9"]
[EventCountry "RUS"]
[SourceTitle "CBM 119 Extra"]
[Source "ChessBase"]
[SourceDate "2007.09.04"]
[SourceVersion "1"]
[SourceVersionDate "2007.09.04"]
[SourceQuality "1"]

1. d4 d5 2. c4 Nc6 3. cxd5 Qxd5 4. Nf3 e5 5. Nc3 Bb4 6. e3 exd4 7. exd4 Nf6 8. Be2 0-0 9. 0-0 Bxc3 10. bxc3 Ne4 11. c4 Qd6 12. Bb2 Re8 13. d5 Ne7 14. Rc1 Ng6 15. c5 Nxc5 16. Qd4 f6 17. Bb5 Nd7 18. Ng5 a6 19. Ba4 Nf4 20. Kh1 Ne2 21. Rfe1 Nxd4 22. Rxe8+ Nf8 23. Bxd4 b6 24. Bc6 Bb7 25. Rxa8 Bxa8 26. Bxa8 fxg5 27. h3 g4 28. Rc3 Qb4 29. Be5 gxh3 30. Rxh3 Qe1+ 0-1

[Event "St Petersburg White Nights op"]
[Site "St Petersburg"]
[Date "2007.06.26"]
[Round "2"]
[White "Kostin, Sergei Anatolievich"]
[Black "Gnidenko, Andrey"]
[Result "1-0"]
[WhiteElo "2284"]
[BlackElo "2135"]
[PlyCount "111"]
[EventDate "2007.06.25"]
[EventType "swiss"]
[EventRounds "9"]
[EventCountry "RUS"]
[SourceTitle "CBM 119 Extra"]
[Source "ChessBase"]
[SourceDate "2007.09.04"]
[SourceVersion "1"]
[SourceVersionDate "2007.09.04"]
[SourceQuality "1"]

1. d4 Nf6 2. c4 g6 3. Nc3 d5 4. cxd5 Nxd5 5. e4 Nxc3 6. bxc3 Bg7 7. Be3 0-0 8. Qd2 c5 9. h3 Qa5 10. Nf3 Rd8 11. Rc1 b5 12. Bd3 Nc6 13. d5 c4 14. Bb1 Qa3 15. 0-0 e6 16. Bg5 Rd7 17. Qe2 Ne5 18. Nd4 exd5 19. exd5 Bb7 20. Be4 Re8 21. Nxb5 Qa5 22. Rb1 Nd3 23. Qf3 Ne5 24. Qg3 Bxd5 25. Bxd5 Rxd5 26. Nd4 Nd3 27. Rb8 Rf8 28. Nc6 Be5 29. Qh4 Rxb8 30. Nxa5 Rxa5 31. Qxc4 Nc5 32. Bf4 Ra4 33. Qxc5 Bxf4 34. g3 Bh6 35. a3 Bf8 36. Qc7 Re8 37. Ra1 Bg7 38. Rd1 Rxa3 39. c4 Rc3 40. c5 a6 41. c6 Be5 42. Qb7 Re6 43. Rd8+ Kg7 44. Rd7 Rf6 45. c7 Bxc7 46. Rxc7 Rd3 47. Qb2 Rdd6 48. Rc4 Kg8 49. Qb8+ Kg7 50. Rc8 Rd1+ 51. Kg2 Rd2 52. Rg8+ Kh6 53. Qa7 Re2 54. Qd4 Rf5 55. Qh4+ Rh5 56. Qf4+ 1-0

[Event "St Petersburg White Nights CYSS op"]
[Site "St Petersburg"]
[Date "2007.06.10"]
[Round "9"]
[White "Gnidenko, Andrey"]
[Black "Klobukov, Sergey"]
[Result "1-0"]
[WhiteElo "2135"]
[BlackElo "1998"]
[PlyCount "101"]
[EventDate "2007.06.02"]
[EventType "swiss"]
[EventRounds "9"]
[EventCountry "RUS"]
[SourceTitle "EXT 2022"]
[Source "ChessBase"]
[SourceDate "2021.10.06"]
[SourceVersion "1"]
[SourceVersionDate "2021.10.06"]
[SourceQuality "1"]

1. d4 Nf6 2. c4 e6 3. Nc3 Bb4 4. Bg5 c5 5. d5 Bxc3+ 6. bxc3 0-0 7. e3 e5 8. Ne2 d6 9. Ng3 h6 10. Bxf6 Qxf6 11. Bd3 g6 12. 0-0 Qe7 13. Qd2 f5 14. f4 e4 15. Be2 Nd7 16. h3 Kh7 17. Kh2 Nf6 18. Rab1 b6 19. a4 Bd7 20. Ra1 Rab8 21. a5 b5 22. cxb5 Bxb5 23. c4 Bd7 24. Rab1 Ba4 25. Rb2 Qc7 26. Rfb1 Rxb2 27. Qxb2 Nd7 28. Qa3 Bc2 29. Rb2 Bd3 30. Bxd3 exd3 31. Qxd3 Nf6 32. a6 Qg7 33. Rb7 Rf7 34. Qb3 h5 35. Ne2 h4 36. Nc3 Kh6 37. Qb2 g5 38. Qf2 Rxb7 39. axb7 Qxb7 40. fxg5+ Kxg5 41. Qf4+ Kg6 42. Nb5 a5 43. Qxd6 a4 44. Qxc5 Qb8+ 45. d6 Ne4 46. Qc7 Qh8 47. d7 Ng3 48. d8Q Nf1+ 49. Kg1 Qa1 50. Qcd6+ Kh5 51. Qe8+ 1-0

[Event "St Petersburg Winter op"]
[Site "St Petersburg"]
[Date "2007.02.07"]
[Round "8"]
[White "Fedoseev, Sergey"]
[Black "Gnidenko, Andrey"]
[Result "1-0"]
[WhiteElo "2243"]
[BlackElo "2103"]
[PlyCount "193"]
[EventDate "2007.01.29"]
[EventType "swiss"]
[EventRounds "9"]
[EventCountry "RUS"]
[SourceTitle "EXT 2008"]
[Source "ChessBase"]
[SourceDate "2007.11.25"]
[SourceVersion "1"]
[SourceVersionDate "2007.11.25"]
[SourceQuality "1"]

1. d4 Nf6 2. Nf3 g6 3. Bf4 Bg7 4. e3 d6 5. h3 0-0 6. Bc4 c5 7. c3 Nc6 8. 0-0 Bd7 9. Nbd2 Rc8 10. dxc5 dxc5 11. Re1 Na5 12. Bf1 b5 13. Qc2 Qb6 14. e4 Rfd8 15. Rad1 b4 16. Kh1 Bc6 17. e5 Nd5 18. Bg5 bxc3 19. bxc3 Qc7 20. Ne4 Bb7 21. Bh4 Nf4 22. Rxd8+ Rxd8 23. Bg3 Ne6 24. Neg5 Bc8 25. Nxe6 Bxe6 26. Ng5 Bf5 27. Qa4 e6 28. Qh4 h6 29. Ne4 Bxe4 30. Qxe4 Rd5 31. Kh2 Kh7 32. h4 Rd2 33. Bd3 Qc6 34. Qe3 Rxa2 35. h5 Ra3 36. hxg6+ fxg6 37. Be4 Qb5 38. Qf3 Qe8 39. Rd1 Nc4 40. Qh5 Rxc3 41. Bb1 a5 42. Qe2 a4 43. Ba2 Na3 44. Qb2 Nb5 45. Rb1 Ra3 46. Bc4 Rb3 47. Bxb3 axb3 48. Qxb3 Nd4 49. Qc4 Qe7 50. Rc1 Bf8 51. Qd3 Qg5 52. Re1 Bg7 53. f4 Qg4 54. Qe4 h5 55. Bf2 Bh6 56. Qb7+ Bg7 57. Qe4 Bh6 58. Qb7+ Bg7 59. Re4 Ne2 60. Qe7 Nxf4 61. Bg3 Nd5 62. Rxg4 Nxe7 63. Rc4 g5 64. Rxc5 Kg6 65. Kg1 Nd5 66. Rc8 Nf4 67. Bxf4 gxf4 68. Kf2 Bxe5 69. Kf3 Kf5 70. Rc5 Kf6 71. Ke4 Bb8 72. Rxh5 e5 73. Rh8 Bc7 74. Rc8 Bd6 75. Kd5 Ba3 76. Re8 Bb2 77. Ke4 Bd4 78. Rf8+ Kg5 79. Rg8+ Kf6 80. Rg4 Bc3 81. Rh4 Bb2 82. Rh5 Bd4 83. Kf3 Kg6 84. Kg4 Bc3 85. Rh3 Bd4 86. Rb3 Kf6 87. Ra3 Ke6 88. Ra6+ Kd5 89. Kf5 Bc3 90. Ra8 Bd4 91. Rd8+ Kc5 92. Ke4 Bg1 93. Kxe5 Bh2 94. Rc8+ Kb6 95. Ke4 Kb7 96. Rc4 Kb6 97. Kf3 1-0

[Event "St Petersburg Winter op"]
[Site "St Petersburg"]
[Date "2007.01.30"]
[Round "2"]
[White "Karalkin, Maksim"]
[Black "Gnidenko, Andrey"]
[Result "1/2-1/2"]
[WhiteElo "2287"]
[BlackElo "2103"]
[PlyCount "51"]
[EventDate "2007.01.29"]
[EventType "swiss"]
[EventRounds "9"]
[EventCountry "RUS"]
[SourceTitle "EXT 2008"]
[Source "ChessBase"]
[SourceDate "2007.11.25"]
[SourceVersion "1"]
[SourceVersionDate "2007.11.25"]
[SourceQuality "1"]

1. e4 Nf6 2. e5 Nd5 3. d4 d6 4. Nf3 g6 5. Bc4 Nb6 6. Bb3 Bg7 7. 0-0 0-0 8. h3 Nc6 9. exd6 cxd6 10. c3 Qc7 11. Na3 Bf5 12. Re1 a5 13. Nb5 Qd7 14. a4 d5 15. Bf4 Rac8 16. Ne5 Nxe5 17. Bxe5 Bh6 18. Qf3 Nc4 19. Bxc4 Rxc4 20. b3 Rc6 21. Ra2 Be4 22. Qg3 Qf5 23. Na7 Ra6 24. Nb5 Rc6 25. Na7 Ra6 26. Nb5 1/2-1/2

[Event "St Petersburg-ch qual"]
[Site "St Petersburg"]
[Date "2006.12.06"]
[Round "5"]
[White "Savinov, Leonid"]
[Black "Gnidenko, Andrey"]
[Result "1-0"]
[WhiteElo "2156"]
[BlackElo "2103"]
[PlyCount "97"]
[EventDate "2006.11.27"]
[EventType "swiss"]
[EventRounds "10"]
[EventCountry "RUS"]
[SourceTitle "EXT 2008"]
[Source "ChessBase"]
[SourceDate "2007.11.25"]
[SourceVersion "1"]
[SourceVersionDate "2007.11.25"]
[SourceQuality "1"]

1. d4 Nf6 2. Nf3 g6 3. c4 Bg7 4. Nc3 0-0 5. g3 c5 6. Bg2 Na6 7. 0-0 d6 8. h3 Rb8 9. dxc5 Nxc5 10. Nd4 Bd7 11. e4 Qc8 12. g4 a6 13. Be3 b5 14. cxb5 axb5 15. b4 Ne6 16. Rc1 Qa6 17. g5 Nh5 18. Nd5 Kh8 19. Nf5 gxf5 20. Qxh5 f4 21. Nxf4 Nxf4 22. Bxf4 Be6 23. e5 d5 24. Qe2 Qa3 25. Qd2 Rfd8 26. h4 d4 27. h5 Qxa2 28. h6 Bf8 29. Qxa2 Bxa2 30. e6 Rbc8 31. Be5+ Kg8 32. exf7+ Kxf7 33. Rxc8 Rxc8 34. Be4 Kg8 35. Bxd4 e6 36. Ra1 Rc4 37. Rxa2 Rxd4 38. f3 Rxb4 39. Ra8 Ra4 40. Rb8 Ra1+ 41. Kg2 Ra2+ 42. Kh3 Ra1 43. Rxb5 Rh1+ 44. Kg2 Rh5 45. f4 Bd6 46. Kg3 e5 47. Kg4 Rh2 48. fxe5 Bc7 49. Rc5 1-0

[Event "St Petersburg Autumn op"]
[Site "St Petersburg"]
[Date "2006.11.03"]
[Round "4"]
[White "Svidinsky, Dmitry"]
[Black "Gnidenko, Andrey"]
[Result "0-1"]
[WhiteElo "2016"]
[BlackElo "2103"]
[PlyCount "78"]
[EventDate "2006.10.31"]
[EventType "swiss"]
[EventRounds "9"]
[EventCountry "RUS"]
[SourceTitle "EXT 2007"]
[Source "ChessBase"]
[SourceDate "2006.11.23"]
[SourceVersion "1"]
[SourceVersionDate "2006.11.23"]
[SourceQuality "1"]

1. e4 Nf6 2. e5 Nd5 3. d4 d6 4. c4 Nb6 5. exd6 exd6 6. h3 Nc6 7. Nf3 Bf5 8. a3 a5 9. b3 Be7 10. Bd3 Bg6 11. Nc3 d5 12. c5 Nc8 13. 0-0 0-0 14. Bf4 N8a7 15. Re1 Bf6 16. Bxg6 hxg6 17. Qd2 b6 18. cxb6 cxb6 19. Re2 b5 20. Na2 Qb6 21. Rd1 Rfe8 22. Ne5 Rad8 23. Qd3 Bxe5 24. dxe5 Re6 25. Qd2 d4 26. Qb2 Rd5 27. Red2 Nc8 28. Nc1 N8e7 29. g4 g5 30. Bg3 Ng6 31. Nd3 Qb7 32. Qa1 Ngxe5 33. Nxe5 Rdxe5 34. Bxe5 Nxe5 35. Re2 Nf3+ 36. Kf1 Nd2+ 37. Ke1 Nxb3 38. Rxe6 Nxa1 39. Re8+ Kh7 0-1